Southville International School and Colleges
Your cart is empty.
  • Cart
  • Lists
    Public lists Eva Luna New books Lux_list list_1
    Your lists Log in to create your own lists
  • Log in to your account
  • Your cookies
  • Search history
Southville International School and Colleges
  • Advanced search
  • Recent comments
  • Most popular
  • Libraries

Log in to your account

Log in with GOOGLE


If you do not have an external account, but do have a local account, you can still log in:

  1. Home
  2. MARC view: Contemporary psychiatric-mental health nursing /
Normal view MARC view ISBD view

Contemporary psychiatric-mental health nursing / (Record no. 288660)

[ view plain ]
MARC details
000 -LEADER
fixed length control field 01417cam a22003734a 4500
001 - CONTROL NUMBER
control field 15255109
003 - CONTROL NUMBER IDENTIFIER
control field PILC
005 - DATE AND TIME OF LATEST TRANSACTION
control field 20150909114247.0
008 - FIXED-LENGTH DATA ELEMENTS--GENERAL INFORMATION
fixed length control field 080404s2009 njua b 001 0 eng
010 ## - LIBRARY OF CONGRESS CONTROL NUMBER
LC control number 2008015620
016 7# - NATIONAL BIBLIOGRAPHIC AGENCY CONTROL NUMBER
Record control number 101470730
Source DNLM
020 ## - INTERNATIONAL STANDARD BOOK NUMBER
International Standard Book Number 9780132434898
020 ## - INTERNATIONAL STANDARD BOOK NUMBER
International Standard Book Number 013243489X
035 ## - SYSTEM CONTROL NUMBER
System control number (OCoLC)222134609
040 ## - CATALOGING SOURCE
Original cataloging agency DNLM/DLC
Transcribing agency DLC
Modifying agency NLM
-- BAKER
-- BTCTA
-- C#P
-- YDXCP
-- CDX
-- DLC
042 ## - AUTHENTICATION CODE
Authentication code pcc
050 00 - LIBRARY OF CONGRESS CALL NUMBER
Classification number RC 440
Item number .K646 2009
082 00 - DEWEY DECIMAL CLASSIFICATION NUMBER
Classification number 616.89/0231
100 1# - MAIN ENTRY--PERSONAL NAME
Personal name Kneisl, Carol Ren.
245 10 - TITLE STATEMENT
Title Contemporary psychiatric-mental health nursing /
Statement of responsibility, etc Carol Ren Kneisl, Eileen Trigoboff.
250 ## - EDITION STATEMENT
Edition statement 2nd edition.
260 ## - PUBLICATION, DISTRIBUTION, ETC. (IMPRINT)
Place of publication, distribution, etc Upper Saddle River, N.J. :
Name of publisher, distributor, etc Pearson Prentice Hall,
Date of publication, distribution, etc 2009.
300 ## - PHYSICAL DESCRIPTION
Extent xxxvi, 988 pages :
Other physical details illustrations ;
Dimensions 29 cm.
500 ## - GENERAL NOTE
General note Includes bibliographical references and index.
538 ## - SYSTEM DETAILS NOTE
System details note System requirements for accompanying CD-ROM: for Macintosh and Windows.
650 #0 - SUBJECT ADDED ENTRY--TOPICAL TERM
Topical term or geographic name as entry element Psychiatric nursing.
650 12 - SUBJECT ADDED ENTRY--TOPICAL TERM
Topical term or geographic name as entry element Mental Disorders
General subdivision nursing.
650 22 - SUBJECT ADDED ENTRY--TOPICAL TERM
Topical term or geographic name as entry element Psychiatric Nursing
General subdivision methods.
700 1# - ADDED ENTRY--PERSONAL NAME
Personal name Trigoboff, Eileen.
856 41 - ELECTRONIC LOCATION AND ACCESS
Materials specified Table of contents only
Uniform Resource Identifier <a href="http://www.loc.gov/catdir/toc/ecip0815/2008015620.html">http://www.loc.gov/catdir/toc/ecip0815/2008015620.html</a>
906 ## - LOCAL DATA ELEMENT F, LDF (RLIN)
a 7
b cbc
c orignew
d 1
e ecip
f 20
g y-gencatlg
942 ## - ADDED ENTRY ELEMENTS (KOHA)
Source of classification or shelving scheme Library of Congress Classification
Koha item type Books
Holdings
Withdrawn status Lost status Source of classification or shelving scheme Damaged status Home library Current library Shelving location Date acquired Source of acquisition Sub Shelving location Total Checkouts Full call number Barcode Date last seen Price effective from Koha item type
    Library of Congress Classification   College Library College Library General Circulation Section 09/09/2015 Donation     RC 440 .K646 2009 C19995 05/15/2018 09/09/2015 Books

Contemporary psychiatric-mental health nursing /

APA

Kneisl C. R., Trigoboff E., . (2009). Contemporary psychiatric-mental health nursing. Upper Saddle River, N.J: Pearson Prentice Hall.

Chicago

Kneisl Carol Ren, Trigoboff Eileen, . 2009. Contemporary psychiatric-mental health nursing. Upper Saddle River, N.J: Pearson Prentice Hall.

Harvard

Kneisl C. R., Trigoboff E., . (2009). Contemporary psychiatric-mental health nursing. Upper Saddle River, N.J: Pearson Prentice Hall.

MLA

Kneisl Carol Ren, Trigoboff Eileen, . Contemporary psychiatric-mental health nursing. Upper Saddle River, N.J: Pearson Prentice Hall. 2009.

  • Place hold
  • Print
  • Cite
  • Add to your cart (remove)
  • Save record
    BIBTEX Dublin Core MARCXML MARC (non-Unicode/MARC-8) MARC (Unicode/UTF-8) MARC (Unicode/UTF-8, Standard) MODS (XML) RIS
  • More searches
    Search for this title in:
    Other Libraries (WorldCat) Other Databases (Google Scholar) Online Stores (Bookfinder.com) Open Library (openlibrary.org)

Exporting to Dublin Core...

SOUTHVILLE LIBRARY

Southville International School and Colleges Library

1281 Tropical Ave. Cor. Luxembourg St., BF Homes International, Las Pinas City

Tel. No. 8256374 / 252358 Loc. 117/146

Powered by Koha